Score 0/20 Timer 01:30
2 Plays Today
Question Answer Wrong Answers
Heliotrope Greek
80%
Latin
13.4%
Arachnophobia Greek
76.9%
Latin
16.2%
Physics Greek
74.9%
Latin
18.2%
Hydrogen Greek
74.7%
Latin
18.9%
Photosynthesis Greek
74.3%
Latin
19.1%
Evacuation Latin
72.6%
Greek
20.7%
Chronometer Greek
72%
Latin
21.2%
Circumnavigate Latin
71.8%
Greek
21.6%
Translucent Latin
71.6%
Greek
21.9%
Manuscript Latin
71.5%
Greek
21.3%
Astronomy Greek
71.2%
Latin
22.5%
Foundation Latin
70.6%
Greek
22.5%
Ecology Greek
70.2%
Latin
23.4%
Pacify Latin
69.3%
Greek
24%
Justice Latin
69.2%
Greek
23.9%
Extraterrestrial Latin
67.7%
Greek
25.8%
Pediatrician Greek
64.1%
Latin
29%
Educate Latin
62.5%
Greek
30.5%
Telephone Greek
62%
Latin
31.6%
Omnivorous Latin
57%
Greek
36.7%

Today's Daily Dose

Missing Word
Movies EA - EZ

Word Ladder
Bedtime!

You're not logged in!

Compare scores with friends on all Sporcle quizzes.
OR
Log In

Sporcle TV

Today on Sporcle TV


Watch our educational content, quiz creation guides, and fun videos on Sporcle TV.

Show Comments

Extras

Top Quizzes Today


Score Distribution

Paid Content

Your Account Isn't Verified!

In order to create a playlist on Sporcle, you need to verify the email address you used during registration. Go to your Sporcle Settings to finish the process.

Report this User

Report this user for behavior that violates our Community Guidelines.

Details: